90 secs Countries of the World: by Area Rank - Statistics

General Stats
  • This quiz has been taken 6,908 times
  • The average score is 138 of 196
Answer Stats
COUNTRY % Correct
Brazil
99%
Canada
99%
China
99%
United States
99%
Australia
98%
Russia
98%
India
97%
Kazakhstan
94%
Algeria
93%
Argentina
93%
Democratic Republic of the Congo
91%
Iran
90%
Libya
90%
Chile
89%
Iraq
89%
Mongolia
89%
Paraguay
89%
Afghanistan
88%
Burma
88%
France
88%
Germany
88%
Indonesia
88%
Japan
88%
Mexico
88%
Niger
88%
Zambia
88%
Chad
87%
Peru
87%
Sudan
87%
Zimbabwe
87%
Philippines
86%
Republic of the Congo
85%
Saudi Arabia
85%
Angola
84%
Somalia
84%
Finland
83%
Côte d'Ivoire
82%
Mali
82%
Morocco
82%
South Sudan
82%
Burkina Faso
81%
Central African Republic
81%
Pakistan
81%
Ukraine
81%
Colombia
80%
Italy
80%
Oman
80%
Poland
80%
Ecuador
79%
Norway
79%
Papua New Guinea
79%
Turkey
79%
Vietnam
79%
Yemen
79%
Cameroon
78%
Kenya
78%
Mozambique
78%
Namibia
78%
New Zealand
78%
South Africa
78%
Spain
78%
Sweden
78%
Turkmenistan
78%
Bolivia
77%
Botswana
76%
Ethiopia
76%
Gabon
76%
Mauritania
76%
Egypt
75%
Hungary
75%
Portugal
75%
Venezuela
75%
South Korea
74%
Tanzania
74%
Thailand
74%
Iceland
73%
Jordan
73%
Nigeria
73%
Guatemala
72%
Malaysia
72%
Uzbekistan
72%
Albania
71%
Cuba
71%
Solomon Islands
71%
Azerbaijan
70%
Belgium
70%
Bulgaria
70%
Serbia
70%
Uganda
70%
United Kingdom
70%
Guinea
69%
San Marino
69%
United Arab Emirates
69%
Czech Republic
68%
Madagascar
68%
Austria
67%
Belize
67%
Equatorial Guinea
67%
Ghana
67%
Nauru
67%
Sri Lanka
67%
Tunisia
67%
Tuvalu
67%
Bhutan
66%
Denmark
66%
Lesotho
66%
Liberia
66%
Liechtenstein
66%
Monaco
66%
Nepal
66%
Nicaragua
66%
North Korea
66%
Panama
66%
Taiwan
66%
Armenia
65%
Bangladesh
65%
El Salvador
65%
Guinea-Bissau
65%
Honduras
65%
Moldova
65%
Netherlands
65%
Romania
65%
Singapore
65%
Benin
64%
Burundi
64%
Fiji
64%
Georgia
64%
Laos
64%
Sierra Leone
64%
Switzerland
64%
Tajikistan
64%
Vatican City
64%
Eritrea
63%
Federated States of Micronesia
63%
Greece
63%
Guyana
63%
Israel
63%
Kuwait
63%
Latvia
63%
Slovakia
63%
Slovenia
63%
Swaziland
63%
Estonia
62%
Gambia
62%
Haiti
62%
Malawi
62%
Bahamas
61%
Belarus
61%
Costa Rica
61%
Djibouti
61%
East Timor
61%
Jamaica
61%
Lithuania
61%
Rwanda
61%
Andorra
60%
Barbados
60%
Kosovo
60%
Kyrgyzstan
60%
Marshall Islands
60%
Qatar
60%
Saint Lucia
60%
Suriname
60%
Tonga
60%
Uruguay
60%
Brunei
59%
Cambodia
59%
Dominican Republic
59%
Kiribati
59%
Macedonia
59%
Vanuatu
59%
Antigua and Barbuda
58%
Senegal
58%
Cyprus
57%
Ireland
57%
Lebanon
57%
Montenegro
57%
São Tomé and Príncipe
57%
Palau
56%
Syria
56%
Togo
56%
Comoros
55%
Trinidad and Tobago
55%
Bosnia and Herzegovina
54%
Croatia
54%
Bahrain
53%
Cape Verde
53%
Dominica
53%
Mauritius
52%
Saint Kitts and Nevis
52%
Seychelles
52%
Luxembourg
51%
Samoa
51%
Maldives
49%
Saint Vincent and the Grenadines
49%
Grenada
41%
Malta
41%
No matching quizzes found
Score Distribution
Percent of People with Each Score
Percentile by Number Answered
Your Score History
You have not taken this quiz